Textbook of Microbiology (Record no. 16459)

000 -LEADER
fixed length control field 00506nam a22001937a 4500
003 - CONTROL NUMBER IDENTIFIER
control field OSt
005 - DATE AND TIME OF LATEST TRANSACTION
control field 20170105103441.0
008 - FIXED-LENGTH DATA ELEMENTS--GENERAL INFORMATION
fixed length control field 120424t xxu||||| |||| 00| 0 eng d
020 ## - INTERNATIONAL STANDARD BOOK NUMBER
International Standard Book Number 9788131203101
040 ## - CATALOGING SOURCE
Original cataloging agency ASAB
Transcribing agency ASAB Library
050 ## - LIBRARY OF CONGRESS CALL NUMBER
Classification number 579.1, CHA
100 ## - MAIN ENTRY--PERSONAL NAME
Personal name Subhash Chandra Parija
9 (RLIN) 105
245 ## - TITLE STATEMENT
Title Textbook of Microbiology
Statement of responsibility, etc. Subhash Chandra Parija
260 ## - PUBLICATION, DISTRIBUTION, ETC.
Place of publication, distribution, etc. India
Name of publisher, distributor, etc. Elsevier
300 ## - PHYSICAL DESCRIPTION
Extent 822
440 ## - SERIES STATEMENT/ADDED ENTRY--TITLE
Title Textbook of Microbiology
9 (RLIN) 106
650 ## - SUBJECT ADDED ENTRY--TOPICAL TERM
Topical term or geographic name entry element Microbiology
9 (RLIN) 107
942 ## - ADDED ENTRY ELEMENTS (KOHA)
Source of classification or shelving scheme
Koha item type Book
Holdings
Withdrawn status Lost status Source of classification or shelving scheme Damaged status Not for loan Permanent Location Current Location Date acquired Total Checkouts Full call number Barcode Date last seen Price effective from Koha item type
          Atta-ur-Rahman School of Applied Biosciences (ASAB) Atta-ur-Rahman School of Applied Biosciences (ASAB) 04/24/2012   579.1,CHA ASAB714 04/24/2012 04/24/2012 Book
© 2023 Central Library, National University of Sciences and Technology. All Rights Reserved.